MARC

Tag First Indicator Second Indicator Subfields
LEADER 00000pam a2200000 a 4500
001 in00000099197
005 20150924160026.0
008 810626s1982 coua b 10110 eng
010 |a  81011375  
020 |a 0865311463 :  |c $25.00 (est.) 
035 |a (OCoLC)07597417 
035 |9 AAL0072AM 
039 0 |a 2  |b 3  |c 3  |d 3  |e 3 
040 |a DLC  |c DLC  |d TXA  |d UtOrBLW 
049 |a TXAM  |c [1117186] 
050 0 0 |a Q127.2  |b  U557 1979 
082 0 |a 338.9  |2 19 
111 2 |a United Nations Conference on Science and Technology for Development  |d (1979 :  |c Vienna, Austria) 
245 1 0 |a Science and technology in a changing international order /  |c the United Nations Conference on Science and Technology for Development ; edited by Volker Rittberger. 
264 1 |a Boulder, Colo. :  |b Westview Press,  |c 1982. 
300 |a xv, 263 pages :  |b illustrations ;  |c 24 cm. 
336 |a text  |b txt  |2 rdacontent 
337 |a unmediated  |b n  |2 rdamedia 
338 |a volume  |b nc  |2 rdacarrier 
490 1 |a Westview special studies in social, political, and economic development 
490 1 |a UNITAR RR ;  |v 28 
500 |a Published in cooperation with United Nations Institute for Training and Research. 
504 |a Includes bibliographical references and index. 
651 0 |a Developing countries  |x Science  |x Congresses. 
651 0 |a Developing countries  |x Technology  |x Congresses. 
650 0 |a Technology  |x International cooperation  |v Congresses. 
650 0 |a Science  |x Social aspects  |v Congresses. 
650 0 |a Technology  |x Social aspects  |v Congresses. 
700 1 |a Rittberger, Volker. 
710 2 |a United Nations Institute for Training and Research. 
830 0 |a Westview special studies in social, political, and economic development. 
830 0 |a UNITAR research reports ;  |v no. 28. 
999 |a MARS 
999 f f |s 4ed75c68-62b6-3442-8915-2c231d43eaf5  |i 0ca4272e-8c51-3522-89c9-7fb74288e66e  |t 0 
952 f f |p ric  |a Texas A&M University  |b Rellis Campus  |c Joint Library Facility  |d Remote Storage  |t 0  |e Q127.2 U557 1979  |h Library of Congress classification  |i unmediated -- volume  |m A14806047104 
998 f f |a Q127.2 U557 1979  |t 0  |l Remote Storage